Environment Studies (Record no. 358266)

MARC details
000 -LEADER
fixed length control field 00323nam a2200133Ia 4500
008 - FIXED-LENGTH DATA ELEMENTS--GENERAL INFORMATION
fixed length control field 240614s9999 xx 000 0 und d
041 ## - LANGUAGE CODE
Language code of text/sound track or separate title eng
100 ## - MAIN ENTRY--PERSONAL NAME
Personal name Dhumal, K. N. & Others
9 (RLIN) 206939
245 ## - TITLE STATEMENT
Title Environment Studies
250 ## - EDITION STATEMENT
Edition statement 3rd
260 ## - PUBLICATION, DISTRIBUTION, ETC. (IMPRINT)
Name of publisher, distributor, etc. Nirali
Date of publication, distribution, etc. 2022
Place of publication, distribution, etc. Pune
300 ## - PHYSICAL DESCRIPTION
Extent R.2
650 ## - SUBJECT ADDED ENTRY--TOPICAL TERM
Topical term or geographic name as entry element Geography
9 (RLIN) 206940
Holdings
Withdrawn status Lost status Source of classification or shelving scheme Damaged status Not for loan Collection code Home library Current library Shelving location Date acquired Vendor Cost, normal purchase price Bill number Total Checkouts Barcode Date last seen Date last checked out Bill Date Koha item type Original Barcode
    Dewey Decimal Classification       Shri Siddhivinayak Mahila Mahavidyalaya Shri Siddhivinayak Mahila Mahavidyalaya   12/01/2022 Nirali 180.00 P 53273 7 SSMM-BK-31376 24/12/2025 18/12/2025 12/01/2022 Books 010031376